000 06514nam a22005057a 4500
005 20120124123722.0
010 _aB-474480-504
020 _a9789380183060
_c150.00
035 _aB-474480-504
037 _bब्लूबेरी बुक्स
082 _a
100 _aनिरुपमा
_950367
245 _a बीरबल की कहानियां /
_cनिरुपमा
260 _aनई दिल्ली
_bज्ञान गंगा
_c2011
270 _a205-सी, चावड़ी बाजार
_bनई दिल्ली
_e110006
300 _a96पृ.
_bसचित्र
_c24 सेंमी. (सजिल्द)
942 _2ddc
_cCH
_mनिरुप
_h
999 _c61419
_d61419